00780nam a22001937a 4500999001900000005001700019010001500036020003000051035001400081037000900095082001200104100002300116245010500139260005700244270011900301300002000420942002600440952012000466 c183597d18359720211229141919.0 aENG-130747 a978-93-886-89-441c399.00 aEN-114279 bDBAD a294.517 aSharma, Jyotirmaya aA Restatement of Religon:cJyotirmaya SharmabSwami Vivekananda and the Making of Hindu Nationalism/ aChennaibWestland Publications Private Limitedc2003 a1st Floor, A Block, East Wing, Plot No. 40, SP Info City, Dr. MGR Salai, Perungudi, KandanchavadibChennaie600096 a238pc21cm(pbk) 2ddccENh294.517mSHA 001040708NFICaMbMd2021-12-29eDBAD/PUBg399.00l0o294.517 SHApEN-114279r2021-12-29 00:00:00t1v399.00yEN